000 00395nam a2200169Ia 4500
100 _aMoon/Todd K
650 _aAlgorithm
942 _cBK
366 _f20
654 _aerror correction
245 _aError correction coding:Mathematical methods and algorithm
260 _bWiley India
_aNew Delhi
_c2005
082 _a003.54/MOO
_bMOO
300 _a756
546 _aENGLISH
999 _c30409
_d30409